000 00459nam a2200193Ia 4500
003 0100
008 130303s9999 xx 000 0 und d
020 _a1851820175
040 _cARRUPELIB
050 _aBS2575.3
245 4 _aThe Navarre Bible
245 _bSt.Matthew
260 _aIreland
260 _bFour Courts Press
260 _C1965
300 _a236p. 21cm
700 _aedited by James Gavigan, Brian McCarthy, Thomas McGovern
942 0 0 _02
999 _c7773
_d7773